[Event "36th Olympiad"]
[Site "Calvia ESP"]
[Date "2004.10.20"]
[Round "6"]
[White "Wu Shaobin"]
[Black "Zambrana,O"]
[Result "1-0"]
[WhiteElo "2504"]
[BlackElo "2473"]

1.Nf3 Nf6 2.c4 e6 3.Nc3 d5 4.d4 Be7 5.Bf4 O-O 6.e3 c6 7.Qc2 Nbd7 8.h3 b6
9.Bd3 Bb7 10.O-O Rc8 11.cxd5 cxd5 12.Rfc1 a6 13.a4 Nb8 14.Qe2 Bd6 15.Ne5 h6
16.g4 Ne4 17.f3 Nxc3 18.bxc3 a5 19.Rab1 Nc6 20.Bc2 Nxe5 21.dxe5 Bc5 22.Kh2 f6
23.Qd3 f5 24.Rg1 Rc7 25.gxf5 Rxf5 26.Rg6 Bc8 27.Rbg1 Bf8 28.Rxh6 Qe8 29.Qd2  1-0

[Event "Essent Open"]
[Site "Hoogeveen NED"]
[Date "2004.10.20"]
[Round "6"]
[White "Ernst,S"]
[Black "Hoeksema,E"]
[Result "1-0"]
[WhiteElo "2521"]
[BlackElo "2391"]

1.d4 Nf6 2.c4 e6 3.Nf3 d5 4.Nc3 Be7 5.Bf4 O-O 6.e3 c5 7.dxc5 Bxc5 8.Qc2 Nc6
9.a3 Re8 10.Bg5 d4 11.O-O-O e5 12.exd4 Nxd4 13.Nxd4 Bxd4 14.Nb5 Bg4 15.f3 Be6
16.Kb1 a6 17.Nxd4 exd4 18.Qd2 h6 19.Bh4 Qe7 20.Bd3 Rac8 21.Rhe1 Rc5 22.Qb4 Qc7
23.Bxf6 gxf6 24.Qd2 Kg7 25.Re4 Rd8 26.Rde1 Qxh2 27.Qb4 Rdc8 28.Rxd4 Qxg2
29.Qxb7 Qf2 30.Qe4 Re5 31.Qh7+ Kf8 32.Rxe5 Qxd4 33.Re1 Qf4 34.Rxe6 fxe6 35.Qh8+ Ke7
36.Qxc8 Qxf3 37.Qc7+ Kf8 38.Bg6  1-0

[Event "36th Olympiad w"]
[Site "Calvia ESP"]
[Date "2004.10.23"]
[Round "8"]
[White "Arribas,M"]
[Black "Sharevich,A"]
[Result "1/2-1/2"]
[WhiteElo "2325"]
[BlackElo "2266"]

1.d4 d5 2.c4 e6 3.Nc3 Be7 4.Nf3 Nf6 5.Bf4 O-O 6.e3 c5 7.dxc5 Bxc5 8.a3 Nc6
9.Rc1 a6 10.cxd5 exd5 11.Bd3 Be7 12.O-O Be6 13.Ne5 Nxe5 14.Bxe5 Bd6 15.Bxd6 Qxd6
16.h3 Rac8 17.Ne2 Nd7 18.Nd4 Ne5 19.Qb3 b5 20.Rfd1 g6 21.Be2 Rfd8 22.Rc3 Rxc3
23.Qxc3 Rc8 24.Qd2 Qc7 25.a4 Nc4 26.Qb4 bxa4 27.Rc1 Qb8 28.Qxa4 Qxb2 29.Rc2 Qb6
30.Nxe6 fxe6 31.Bxc4 dxc4 32.Rxc4 Rxc4 33.Qxc4 Qd6 34.e4 Kf7 35.e5 Qb6 36.Qf4+ Kg8
37.Qc4 Kf7 38.Qf4+ Kg8 39.Qc4 a5  1/2-1/2

[Event "36th Olympiad"]
[Site "Calvia ESP"]
[Date "2004.10.24"]
[Round "9"]
[White "Illescas Cordoba,M"]
[Black "Goldin,A"]
[Result "1/2-1/2"]
[WhiteElo "2626"]
[BlackElo "2620"]

1.Nf3 d5 2.d4 Nf6 3.c4 e6 4.Nc3 Be7 5.Bf4 O-O 6.e3 Nbd7 7.c5 c6 8.Bd3 b6
9.b4 a5 10.a3 Ba6 11.O-O Qc8 12.h3 Qb7 13.Rb1 Bxd3 14.Qxd3 axb4 15.axb4 Ra3
16.Qc2 Rfa8 17.Nd2 Bd8 18.Rfc1 b5 19.Nb3 R3a6 20.Ra1 h6 21.Rxa6 Rxa6 22.Ra1 Rxa1+
23.Nxa1 Nb8 24.Bxb8 Qxb8 25.Qa2 Qb7 26.Nb3 Nd7 27.f4 Nb8 28.g4 Qa6 29.Qb2 Nd7
30.Nc1 Bc7 31.Nd3 Nf6 32.Kg2 Kf8 33.Kf3 Ke7 34.Nf2 Qa8 35.h4 g6 36.g5 hxg5
37.hxg5 Nd7 38.Ng4 Qh8 39.Nh6 f5 40.Qa2 Qc8 41.Qa7 Kf8 42.Ne2 Bb8 43.Qa8 Ke7
44.Nc1 Qc7 45.Nb3 Qa7 46.Qxc6 Qa4 47.Ng8+ Kd8 48.Nf6 Nxf6 49.gxf6 Qxb3 50.Qxb5 Qd1+
51.Qe2 Qh1+ 52.Qg2 Qd1+ 53.Qe2 Qh1+ 54.Qg2 Qd1+  1/2-1/2

[Event "36th Olympiad"]
[Site "Calvia ESP"]
[Date "2004.10.24"]
[Round "9"]
[White "Domingos,C"]
[Black "Bendana,G"]
[Result "1/2-1/2"]
[WhiteElo "2227"]
[BlackElo "2166"]

1.Nf3 d5 2.d4 Nf6 3.c4 e6 4.Nc3 Be7 5.Bf4 c6 6.c5 Nbd7 7.e3 Nh5 8.Bd3 Nxf4
9.exf4 Qc7 10.g3 b6 11.b4 bxc5 12.bxc5 Qa5 13.Qd2 Ba6 14.Nxd5 Qxd2+ 15.Kxd2 Bxd3
16.Nc7+ Kd8 17.Nxa8 Ba6 18.Rab1 Kc8 19.Rb2 Bb7 20.Rhb1 Bxa8 21.Ne5 Kc7 22.Nxd7 Kxd7
23.Rb8 Rc8 24.Ke3 Kc7 25.R8b3 a6 26.Rb6 a5 27.Ra6 Rb8 28.Rxb8 Kxb8 29.Rxa5 Bf6
30.Ke4 Bb7 31.Ra3 Bc8 32.g4 h6 33.Rb3+ Bb7 34.Ra3 Bc8 35.Ra4 Bd7 36.Kf3 Bh4  1/2-1/2

[Event "36th Olympiad"]
[Site "Calvia ESP"]
[Date "2004.10.25"]
[Round "10"]
[White "Navara,D"]
[Black "Kasimdzhanov,R"]
[Result "1/2-1/2"]
[WhiteElo "2620"]
[BlackElo "2650"]

1.d4 d5 2.c4 e6 3.Nc3 Be7 4.Nf3 Nf6 5.Bf4 O-O 6.e3 c5 7.dxc5 Bxc5 8.cxd5 Nxd5
9.Nxd5 exd5 10.a3 Nc6 11.Bd3 Bb6 12.O-O d4 13.e4 Bg4 14.h3 Bh5 15.g4 Bg6
16.Rc1 Rc8 17.Re1 f6 18.Bc4+ Bf7 19.Qd3 Bc7 20.Bxf7+ Rxf7 21.e5 Nxe5 22.Nxe5 fxe5
23.Bxe5 Bxe5 24.Rxc8 Qxc8 25.Rxe5 Qc1+ 26.Qf1 Rc7  1/2-1/2

[Event "36th Olympiad w"]
[Site "Calvia ESP"]
[Date "2004.10.28"]
[Round "13"]
[White "Cmilyte,V"]
[Black "Pokorna,Reg"]
[Result "1/2-1/2"]
[WhiteElo "2442"]
[BlackElo "2370"]

1.d4 Nf6 2.c4 e6 3.Nf3 d5 4.Nc3 Be7 5.Bf4 c5 6.dxc5 Bxc5 7.e3 O-O 8.cxd5 exd5
9.Be2 Nc6 10.O-O Be6 11.Rc1 Be7 12.Ne5 Rc8 13.a3 Qa5 14.Qd3 Nxe5 15.Bxe5 Nd7
16.Bd4 Nc5 17.Qd1 Ne4 18.Bd3 Nf6 19.Bb1 Qa6 20.Bd3 Qa5 21.Qa4 Qxa4 22.Nxa4 b6
23.Ba6 Rxc1 24.Rxc1 Bd6 25.Nc3 Ne4 26.Nb5 Bb8 27.Nc7 Rd8 28.b4 h5 29.Be5 Bf5
30.f3 Nf6 31.h4 Ne8 32.Nxd5 Bxe5 33.Ne7+ Kf8 34.Nxf5 Bb2 35.Rb1 Rd2 36.Ng3 Bxa3
37.Nxh5 Rb2 38.Rxb2 Bxb2 39.Nf4 Nc7 40.Be2 a5 41.bxa5 bxa5 42.Bc4 a4 43.Nd3 a3
44.Nb4 Ke7 45.Kf2 g6 46.g4 Bc3 47.Nc2 Bb2 48.f4 Ne8 49.Kf3 Nd6 50.Bb3 f5
51.Bd5 fxg4+ 52.Kxg4 Kf6 53.Bb3 Bc1 54.Nb4 Nf5 55.e4 Nd4 56.Bc4 Bd2 57.e5+ Kg7
58.Nd5 Nf5 59.e6 Kf8 60.h5 Ne7 61.hxg6 Nxg6 62.Bb3 Ne7 63.Nf6 Nc6 64.Nd7+ Ke7
65.f5 Bc3 66.Kg5 Nd8 67.Kg6 Bb2 68.Nb6 Nc6 69.Nd5+ Kd6 70.Kf7 Nd8+ 71.Kg8 Nxe6
72.Ne3 Nc5 73.Ba2 Ke5 74.Kf7 Bc1 75.Nc4+  1/2-1/2

[Event "8th OIBM"]
[Site "Bad Wiessee GER"]
[Date "2004.11.05"]
[Round "7"]
[White "Khmelniker,I"]
[Black "Zenker,U"]
[Result "1-0"]
[WhiteElo "2454"]
[BlackElo "2294"]

1.d4 Nf6 2.c4 e6 3.Nf3 d5 4.Nc3 Be7 5.Bf4 O-O 6.e3 c5 7.dxc5 Qa5 8.a3 Ne4
9.Be5 Qxc5 10.cxd5 Nxc3 11.Bxc3 Qxd5 12.Qxd5 exd5 13.Be2 Be6 14.Nd4 Nd7 15.O-O Nb6
16.Bb4 Bxb4 17.axb4 Rfc8 18.b3 a6 19.Ra5 Nd7 20.Rfa1 Rc3 21.b5 Nc5 22.bxa6 bxa6
23.b4 Nb3 24.Nxb3 Rxb3 25.b5 Rb8 26.bxa6  1-0

[Event "V Open"]
[Site "Sauzal ESP"]
[Date "2004.11.06"]
[Round "5"]
[White "Perera,P"]
[Black "Zambrana,O"]
[Result "1-0"]
[WhiteElo "2211"]
[BlackElo "2473"]

1.Nf3 Nf6 2.c4 e6 3.Nc3 d5 4.d4 Be7 5.Bf4 O-O 6.e3 c6 7.Qc2 Nbd7 8.h3 b6
9.Bd3 Ba6 10.cxd5 Bxd3 11.Qxd3 cxd5 12.O-O Qc8 13.Nb5 Qa6 14.a4 Rac8 15.Qb3 Ne4
16.Rfc1 h6 17.Qd1 Qb7 18.Nd2 Nef6 19.Qb3 a6 20.Nd6 Bxd6 21.Bxd6 Rxc1+ 22.Rxc1 Rc8
23.Rc3 Ne8 24.Bg3 f6 25.Qc2 Rxc3 26.Qxc3 Kf7 27.b4 Ke7 28.b5 axb5 29.axb5 Kd8
30.Qb3 Qa8 31.Qc3 Qa5 32.Qb2 Nc7 33.Bxc7+ Kxc7 34.Kf1 Kd6 35.e4  1-0

[Event "TCh-SWE Elitserien 2004-5"]
[Site "Skara SWE"]
[Date "2004.11.06"]
[Round "2"]
[White "Akvist,H"]
[Black "Nystrom,R"]
[Result "1-0"]
[WhiteElo "2260"]
[BlackElo "2082"]

1.d4 e6 2.c4 Nf6 3.Nc3 d5 4.Nf3 Be7 5.Bf4 c6 6.e3 O-O 7.Qc2 Nbd7 8.Rd1 a6
9.Bd3 dxc4 10.Bxc4 Nd5 11.Bg3 N7f6 12.e4 Nxc3 13.bxc3 b5 14.Bd3 h6 15.O-O Bb7
16.c4 Qc8 17.Bh4 Re8 18.c5 a5 19.Nd2 Qd8 20.Bxf6 Bxf6 21.e5 Be7 22.Ne4 Ba6
23.Qe2 Qxd4 24.Nf6+ Kh8 25.Nxe8 Rxe8 26.Qh5 Qf4 27.g3 Qg5 28.Qe2 Bxc5 29.Qe4 Kg8
30.Qxc6  1-0

[Event "WYb14"]
[Site "Heraklio GRE"]
[Date "2004.11.07"]
[Round "5"]
[White "Martinovic,Sa"]
[Black "Leniart,A"]
[Result "1/2-1/2"]
[WhiteElo "2138"]
[BlackElo "2235"]

1.d4 d5 2.c4 e6 3.Nc3 Be7 4.Nf3 Nf6 5.Bf4 O-O 6.e3 c5 7.dxc5 Bxc5 8.Qc2 Nc6
9.Rd1 Qa5 10.Be2 Bb4 11.O-O Bxc3 12.bxc3 dxc4 13.Bxc4 b6 14.Bd6 Re8 15.e4 h6
16.Rb1 Ba6 17.Bb4 Nxb4 18.cxb4 Qa3 19.Rb3 Qa4 20.b5 Bb7 21.Ne5 Rec8 22.f3 Nd7
23.Nxd7 Qxc4 24.Qxc4 Rxc4 25.Ne5 Rc2 26.Rf2 Rc1+ 27.Rf1 Rc7 28.Rd1 f6 29.Nd3 Rd8
30.Nf2 Rcd7 31.Rbd3 Rxd3 32.Rxd3 Rxd3 33.Nxd3 Kf7 34.Kf2 Ke7 35.Ke3 e5 36.g4 Kd6
37.Kd2 Bc8 38.Kc3 g6 39.Kb4 h5 40.gxh5 gxh5 41.Nb2 a5+ 42.bxa6 Bxa6 43.Nc4+ Kc6
44.h4 Bc8 45.Ne3 Be6 46.a4 Bh3 47.Kc4 Bc8 48.Kb4 Ba6 49.Nc4 b5 50.axb5+ Bxb5
51.Na5+ Kb6 52.Nc4+ Kc6 53.Na5+ Kb6 54.Nc4+  1/2-1/2

[Event "WYb16"]
[Site "Heraklio GRE"]
[Date "2004.11.13"]
[Round "11"]
[White "Bosiocic,Mari"]
[Black "Glud,J"]
[Result "1/2-1/2"]
[WhiteElo "2313"]
[BlackElo "2292"]

1.Nf3 e6 2.c4 d5 3.d4 Nf6 4.Nc3 Be7 5.Bf4 O-O 6.e3 c5 7.dxc5 Bxc5 8.Qc2 Nc6
9.a3 Qa5 10.O-O-O Be7 11.g4 dxc4 12.Bxc4 e5 13.g5 exf4 14.gxf6 Bxf6 15.Nd5 Ne7
16.Nxf6+ gxf6 17.e4 Kh8 18.Rhg1 b5 19.Bd5 Nxd5 20.exd5 Bd7 21.Qe4 Qc7+ 22.Kb1 Qd6
23.Rd4 Rad8 24.Qxf4 Qxf4 25.Rxf4 Bc8 26.Rd1 Rd6 27.Nh4 Rfd8  1/2-1/2

[Event "Bundesliga 2004-5"]
[Site "Baden Oos GER"]
[Date "2004.11.14"]
[Round "2"]
[White "Gyimesi,Z"]
[Black "Nielsen,PH"]
[Result "1/2-1/2"]
[WhiteElo "2613"]
[BlackElo "2663"]

1.d4 Nf6 2.c4 e6 3.Nf3 d5 4.Nc3 Be7 5.Bf4 O-O 6.e3 Nbd7 7.a3 c5 8.cxd5 Nxd5
9.Nxd5 exd5 10.dxc5 Nxc5 11.Be5 Bf6 12.Bxf6 Qxf6 13.Qd4 Qd6 14.Rd1 Rd8 15.Be2 Bf5
16.b4 Ne6 17.Qb2 a5 18.O-O axb4 19.axb4 Ra4 20.b5 d4 21.Nxd4 Nxd4 22.exd4 Rxd4
23.Rxd4 Qxd4 24.Qxd4 Rxd4 25.Bf3 b6 26.Ra1 g6 27.h3 Rb4 28.Ra8+ Kg7 29.Bc6 Bd3
30.Rb8 Bxb5 31.Rxb6 Rb1+ 32.Kh2 Bd3 33.Rxb1 Bxb1  1/2-1/2

[Event "Acropolis IM Open"]
[Site "Athens GRE"]
[Date "2004.11.20"]
[Round "5"]
[White "Dobrov,V"]
[Black "Halkias,S"]
[Result "1-0"]
[WhiteElo "2487"]
[BlackElo "2526"]

1.d4 d5 2.c4 e6 3.Nc3 Be7 4.Nf3 Nf6 5.Bf4 O-O 6.e3 Nbd7 7.a3 c5 8.dxc5 Nxc5
9.cxd5 Nxd5 10.Nxd5 exd5 11.Be5 a5 12.Be2 a4 13.Rc1 Be6 14.O-O Bd6 15.Bxd6 Qxd6
16.Rc4 Rfd8 17.Rb4 Bd7 18.Nd4 h6 19.Nb5 Qb8 20.Qd4 Nb3 21.Qb6 Bxb5 22.Qxb5 d4
23.Rxa4 Rxa4 24.Qxa4 d3 25.Bh5 Nc5 26.Qc4 Ne6 27.Bf3 Qe5 28.Qb4 Nc5 29.Rd1 Qd6
30.Rd2 b6 31.g3 Kh8 32.Qc4 f5 33.b4 Ne6 34.Kg2 Ng5 35.Be2 Qb8 36.Rxd3 Qb7+
37.f3 Rc8 38.Qd5 Qe7 39.Qxf5 Rf8 40.Rd7 Qe8 41.Qd3 Qc8 42.h4 Nh7 43.Ra7 Qe6
44.Qd7 Qg6 45.Qg4 Qxg4 46.fxg4 g5 47.Bf3 Re8 48.Ra8 Rxa8 49.Bxa8 Nf6 50.a4 Nxg4
51.Kf3 Ne5+ 52.Ke4 Nc4 53.Bd5  1-0

[Event "4NCL"]
[Site "West Bromwich ENG"]
[Date "2004.11.20"]
[Round "3"]
[White "Williams,Si"]
[Black "Chandler,M"]
[Result "1/2-1/2"]
[WhiteElo "2473"]
[BlackElo "2531"]

1.d4 Nf6 2.c4 e6 3.Nf3 d5 4.Nc3 Be7 5.Bf4 O-O 6.e3 c5 7.dxc5 Bxc5 8.cxd5 Nxd5
9.Nxd5 exd5 10.a3 Nc6 11.Bd3 Bb6 12.O-O d4 13.e4 Bg4 14.h3 Qf6 15.hxg4 Qxf4
16.Nh2 Rac8 17.g3 Qd6 18.f4 Na5 19.e5 Qd5 20.g5 Nc4 21.Qh5 g6 22.Qe2 Ne3
23.Ng4 Nxg4 24.Qxg4 Qb3 25.Qe2 Rc5 26.Rac1 Rfc8 27.Rxc5 Rxc5 28.Kh2 Qd5 29.Qg2 Qb3
30.Qe2 Qd5 31.Be4 Qb3 32.Rf3 Qa4 33.Bd3 Qc6 34.Rf1 Qd5  1/2-1/2

[Event "17th Belgrade Trophy"]
[Site "Obrenovac SCG"]
[Date "2004.11.23"]
[Round "2"]
[White "Jakovljevic,Zi"]
[Black "Marcetic,N"]
[Result "0-1"]
[WhiteElo "2200"]
[BlackElo "2401"]

1.d4 d5 2.Nf3 Nf6 3.c4 e6 4.Nc3 Be7 5.Bf4 O-O 6.e3 a6 7.Bd3 c5 8.dxc5 Bxc5
9.O-O dxc4 10.Bxc4 b5 11.Bd3 h6 12.Ne4 Nbd7 13.Rc1 Nxe4 14.Bxe4 Ra7 15.Ne5 Nxe5
16.Bxe5 Rd7 17.Qc2 Bd6 18.Bxd6 Rxd6 19.Rfd1 Rxd1+ 20.Rxd1 Qb6 21.g3 e5 22.b4 Be6
23.Bd5 Rc8 24.Qe4 Bxd5 25.Qxd5 Qf6 26.Rd2 g6 27.Kg2 Kg7 28.h4 Rc4 29.a3 e4
30.Rd1 g5 31.hxg5 hxg5 32.Qd6 Qf3+ 33.Kg1 Rc2 34.Qe5+ Kh7 35.Rf1 Rc6 36.g4 Qxg4+
37.Qg3 Qxg3+ 38.fxg3 Kg6 39.Rd1 Kf5 40.Rf1+ Kg4 41.Rxf7 Kxg3 42.Kf1 Rc3 43.Ke2 Rxa3
44.Rf6 Ra4 45.Rf5 g4 46.Rf6 Rxb4 47.Rxa6 Rb2+ 48.Kf1 Kf3 49.Rf6+ Kxe3 50.Rg6 b4
51.Kg1 b3 52.Rxg4 Kf3 53.Rg8 Rc2  0-1

[Event "ch-VIE w"]
[Site "Ha Long City VIE"]
[Date "2004.11.26"]
[Round "1"]
[White "Pham Ngoc Tanh"]
[Black "Le Thi Phuong Lien"]
[Result "1/2-1/2"]
[WhiteElo "2119"]
[BlackElo "2249"]

1.d4 d5 2.Nf3 Nf6 3.c4 e6 4.Nc3 Be7 5.Bf4 O-O 6.e3 c6 7.Bd3 dxc4 8.Bxc4 b5
9.Bd3 Bb7 10.a3 Nbd7 11.O-O a6  1/2-1/2

[Event "ch-GRE w"]
[Site "Athens GRE"]
[Date "2004.12.04"]
[Round "1"]
[White "Botsari,A"]
[Black "Makka,E"]
[Result "1-0"]
[WhiteElo "2362"]
[BlackElo "2087"]

1.d4 d5 2.c4 e6 3.Nc3 Nf6 4.Nf3 Be7 5.Bf4 O-O 6.e3 c6 7.Qc2 Nbd7 8.Rd1 Qa5
9.Nd2 Nh5 10.Nb3 Qd8 11.Be5 Nxe5 12.dxe5 g6 13.Be2 Ng7 14.e4 Qc7 15.cxd5 cxd5
16.exd5 Qxe5 17.O-O Bd6 18.g3 Nf5 19.Rfe1 Bb4 20.dxe6 Qxe6 21.Bf3 Qa6 22.a3 Be7
23.Nd5 Bd8 24.Nc5 Qa5 25.Qc1 Bg5 26.Qxg5 Qxc5 27.g4 h6 28.Qf6 Ng7 29.Qf4 Be6
30.Nf6+  1-0

[Event "ch-GRE w"]
[Site "Athens GRE"]
[Date "2004.12.06"]
[Round "3"]
[White "Papadopoulou,V"]
[Black "Makka,E"]
[Result "1-0"]
[WhiteElo "2227"]
[BlackElo "2087"]

1.d4 d5 2.c4 e6 3.Nf3 Nf6 4.Nc3 Be7 5.Bf4 c6 6.e3 Nbd7 7.Rc1 O-O 8.h3 Ne4
9.Bd3 Nxc3 10.bxc3 dxc4 11.Bxc4 c5 12.O-O b6 13.Qe2 Bb7 14.Rfd1 Qc8 15.e4 a6
16.d5 exd5 17.Bxd5 b5 18.c4 b4 19.e5 Nb6 20.Qe4 Ra7 21.Bg5 Ba8 22.Bxe7 Rxe7
23.Ng5 g6 24.Qh4 h5 25.Nh7 Nxd5 26.cxd5 Qb7 27.Nxf8 Kxf8 28.Qf6 Kg8 29.Rxc5  1-0

[Event "GP"]
[Site "Aix-En-Provence FRA"]
[Date "2004.12.10"]
[Round "2.2"]
[White "Lautier,J"]
[Black "Istratescu,A"]
[Result "1/2-1/2"]
[WhiteElo "2682"]
[BlackElo "2611"]

1.d4 e6 2.c4 d5 3.Nc3 Be7 4.Nf3 Nf6 5.Bf4 O-O 6.e3 c5 7.dxc5 Bxc5 8.Qc2 Nc6
9.a3 Qa5 10.Nd2 Be7 11.Bg3 Bd7 12.Be2 Qd8 13.Qd3 dxc4 14.Nxc4 b5 15.Nd2 b4
16.Nb5 a6 17.Nd6 bxa3 18.bxa3 Qa5 19.O-O Ne5 20.Nb3 Nxd3 21.Nxa5 Nc5 22.Bf3 Rab8
23.Ndc4 Nb3 24.Bxb8 Nxa1 25.Bd6 Bxd6 26.Nxd6 Nc2 27.Ndc4 Rc8 28.Rd1 Rc5 29.Bb7 Nxa3
30.Bxa6 Nxc4 31.Nxc4 Kf8 32.h3 Bb5  1/2-1/2

[Event "It"]
[Site "Subotica SCG"]
[Date "2004.12.10"]
[Round "1"]
[White "Kizov,A"]
[Black "Dumpor,A"]
[Result "1/2-1/2"]
[WhiteElo "2355"]
[BlackElo "2382"]

1.d4 Nf6 2.c4 e6 3.Nc3 d5 4.Nf3 Be7 5.Bf4 O-O 6.e3 c5 7.dxc5 Bxc5 8.Be2 Nc6
9.O-O dxc4 10.Qxd8 Rxd8 11.Bxc4 a6 12.Rac1 Bd7 13.a3 Rac8 14.Rfd1 Be8 15.h3 h6
16.Be2 Be7 17.Rxd8 Rxd8 18.Rd1 Rxd1+ 19.Bxd1  1/2-1/2

[Event "It"]
[Site "Subotica SCG"]
[Date "2004.12.11"]
[Round "2"]
[White "Mrkonjic,N"]
[Black "Pavlik,G"]
[Result "1-0"]
[WhiteElo "2354"]
[BlackElo "2166"]

1.d4 d5 2.Nf3 Nf6 3.c4 e6 4.Nc3 Be7 5.Bf4 O-O 6.e3 a6 7.a4 b6 8.Be2 Bb7 9.O-O Nc6
10.cxd5 Nxd5 11.Nxd5 exd5 12.Rc1 Bd6 13.Bxd6 Qxd6 14.Rc3 Rac8 15.Qb3 Nd8
16.a5 b5 17.Rfc1 Ne6 18.Ne1 c5 19.dxc5 Rxc5 20.Rxc5 Nxc5 21.Qb4 Rc8 22.Nd3 Ne4
23.Rxc8+ Bxc8 24.Qxd6 Nxd6 25.Bf3 Ne4 26.Nb4 Bb7 27.Bxe4 dxe4 28.Kf1 Kf8
29.Ke1 Ke7 30.Kd2 Kd6 31.Kc3 Kc5 32.Nc2 g6 33.b4+ Kd5 34.Nd4 Ke5 35.Nb3 f5
36.Nc5 Bc8 37.f4+ exf3 38.gxf3 g5 39.Nd3+ Kd5 40.Nf2 Ke5 41.Nd3+ Kd5 42.Nc5 Ke5
43.Kd3 h5 44.e4 fxe4+ 45.fxe4 Kf4 46.Kd4 g4 47.e5 h4 48.e6 Bxe6 49.Nxe6+ Kf3
50.Ke5 Kg2 51.Kf5 Kf3 52.Ng5+ Ke3 53.Kxg4 Kd4 54.Kxh4 Kc4 55.Kg4 Kxb4 56.h4 Kc4
57.h5 Kb4 58.Ne4  1-0

[Event "ch-IND"]
[Site "Visakhapatnam IND"]
[Date "2004.12.15"]
[Round "16"]
[White "Kunte,A"]
[Black "Shetty,R"]
[Result "1/2-1/2"]
[WhiteElo "2550"]
[BlackElo "2369"]

1.d4 Nf6 2.Nf3 d5 3.c4 e6 4.Nc3 Be7 5.Bf4 O-O 6.e3 c5 7.dxc5 Bxc5 8.Qc2 Nc6
9.Rd1 Qa5 10.a3 Be7 11.Nd2 a6 12.Nb3 Qb6 13.Be2 h6 14.Na4 Qd8 15.O-O Bd6
16.c5 Bc7 17.Bxc7 Qxc7 18.Nd2 e5 19.Nb6 Rb8 20.b4 Be6 21.Qb2 e4 22.f4 exf3
23.Nxf3 Rbd8 24.Nd4 Ne5 25.h3 Rfe8 26.Bf3 Nxf3+ 27.Rxf3 Qe5 28.Qa1 Qg5 29.Ne2 Bxh3
30.Rxh3 Rxe3 31.Qc1 Rxe2 32.Qxg5 hxg5 33.Rhd3 g4 34.Nxd5 Nxd5 35.Rxd5 Rxd5
36.Rxd5 g3 37.Kf1 Rf2+ 38.Kg1 Ra2  1/2-1/2

[Event "Petrosian Mem Internet"]
[Site "ICC INT"]
[Date "2004.12.18"]
[Round "1"]
[White "Dreev,A"]
[Black "Lputian,S"]
[Result "1/2-1/2"]
[WhiteElo "2698"]
[BlackElo "2634"]

1.d4 d5 2.c4 e6 3.Nc3 Nf6 4.Nf3 Be7 5.Bf4 O-O 6.e3 c5 7.dxc5 Bxc5 8.cxd5 Nxd5
9.Nxd5 exd5 10.a3 Nc6 11.Bd3 Bb6 12.O-O d4 13.Qc2 h6 14.e4 Bg4 15.Ne5 Nxe5
16.Bxe5 Qg5 17.Bg3 Rac8 18.Qb1 h5 19.f4 Qh6 20.Qe1 Rfe8 21.e5 f6 22.h3 fxe5
23.hxg4 exf4 24.Qf2 g5 25.Bxf4 gxf4 26.Qxf4 Qxf4 27.Rxf4 Re3 28.Rd1 Rc5  1/2-1/2

[Event "Master Open"]
[Site "Singapore SIN"]
[Date "2004.12.18"]
[Round "9"]
[White "Purnama,T"]
[Black "Negi,V"]
[Result "1-0"]
[WhiteElo "2286"]
[BlackElo "2175"]

1.d4 d5 2.c4 e6 3.Nf3 Nf6 4.Nc3 Be7 5.Bf4 O-O 6.e3 Nbd7 7.Qc2 c6 8.Rc1 Re8
9.h3 Nf8 10.Bd3 Ng6 11.Bh2 Bd6 12.Bxd6 Qxd6 13.c5 Qc7 14.O-O Nd7 15.e4 Ndf8
16.Rfe1 Qd8 17.b4 Bd7 18.a4 Qf6 19.Bf1 Qf4 20.Re3 Ne7 21.Ne5 f6 22.Nxd7 Nxd7
23.Rce1 Nf8 24.b5 Qc7 25.exd5 exd5 26.a5 Nfg6 27.a6 bxa6 28.bxc6 Qxc6 29.Re6 Qd7
30.Rd6 Qc7 31.Bxa6 Red8 32.Rde6 Nc6 33.Nb5 Qa5 34.Bb7 Nb4 35.Qe2 Nf4 36.Qg4 Qxb5
37.Bxa8 Rxa8 38.Qxf4 Nd3 39.Qd6 Qc4 40.Re8+ Rxe8 41.Rxe8+ Kf7 42.Re7+  1-0

[Event "KO"]
[Site "Lindsborg USA"]
[Date "2004.12.24"]
[Round "3.1"]
[White "Ibragimov,I"]
[Black "Onischuk,Al"]
[Result "1-0"]
[WhiteElo "2585"]
[BlackElo "2653"]

1.d4 Nf6 2.c4 e6 3.Nf3 d5 4.Nc3 Be7 5.Bf4 O-O 6.e3 c5 7.dxc5 Bxc5 8.Qc2 Nc6
9.Rd1 Qa5 10.Be2 Nb4 11.Qb3 dxc4 12.Bxc4 Nbd5 13.Be5 Ng4 14.Bxd5 Nxe5 15.Nxe5 exd5
16.O-O Re8 17.Qxd5 Be6 18.Qxb7 Rab8 19.Qe4 Rxb2 20.Nc4 Qxc3 21.Nxb2 Bf8 22.Nd3 Rd8
23.Nf4 Rxd1 24.Rxd1 Bxa2 25.h4 a5 26.Rd8 Bb3 27.Qe7  1-0

[Event "Gibraltar Masters"]
[Site "Caleta ENG"]
[Date "2005.01.03"]
[Round "10"]
[White "Hassan,Ab"]
[Black "Ocana Roca,J"]
[Result "1-0"]
[WhiteElo "2357"]
[BlackElo "2149"]

1.d4 d5 2.Nf3 Nf6 3.c4 e6 4.Nc3 Be7 5.Bf4 O-O 6.e3 a6 7.Rc1 dxc4 8.Bxc4 c5
9.O-O Nc6 10.dxc5 Qxd1 11.Rfxd1 Bxc5 12.Ne5 Nxe5 13.Bxe5 Ba7 14.Be2 Bb8 15.Bd4 Ba7
16.Bf3 Re8 17.Bxf6 gxf6 18.Ne4 Kg7 19.Nd6 Rf8 20.Bxb7 Bxb7 21.Nxb7 Rab8 22.Rd7 Rfc8
23.Rxc8 Rxc8 24.g3 Rc1+ 25.Kg2 Rc2 26.Kf3 Rxb2 27.Nd8 Bb6 28.Rxf7+ Kg6 29.Rb7 Kf5
30.Nf7 Rb4 31.Nd6+ Kg6 32.a3 Rb2 33.Nc4  1-0

[Event "TCh-BEL 2004-5"]
[Site "Belgium BEL"]
[Date "2005.01.09"]
[Round "6"]
[White "Van der Stricht,G"]
[Black "Lahaye,R"]
[Result "1/2-1/2"]
[WhiteElo "2413"]
[BlackElo "2330"]

1.d4 d5 2.c4 e6 3.Nc3 Be7 4.Nf3 Nf6 5.Bf4 O-O 6.e3 a6 7.c5 Nbd7 8.h3 Ne4
9.Bd3 f5 10.g4 Ndf6 11.Ne5 Nxc3 12.bxc3 Ne4 13.Qc2 Bh4 14.Bxe4 fxe4 15.O-O-O Bf6
16.h4 Bxe5 17.Bxe5 Bd7 18.h5 Rf3 19.g5 b6 20.cxb6 cxb6 21.h6 g6 22.Bf6 Qf8
23.Rd2 Rc8 24.Kb2 Rc4  1/2-1/2

[Event "ch-Kiev"]
[Site "Kiev UKR"]
[Date "2005.01.15"]
[Round "1"]
[White "Shishkin,Va UKR"]
[Black "Dolzhikova,K"]
[Result "1-0"]
[WhiteElo "2488"]
[BlackElo "2244"]

1.d4 d5 2.c4 e6 3.Nf3 Nf6 4.Nc3 Be7 5.Bf4 O-O 6.e3 c6 7.a3 Nbd7 8.h3 a6 9.c5 b6
10.b4 a5 11.Bd3 Bb7 12.O-O Qc8 13.Rc1 axb4 14.axb4 bxc5 15.bxc5 Ba6 16.Ra1 Ne8
17.Bxa6 Rxa6 18.Rxa6 Qxa6 19.Qa4 Qd3 20.Na2 Qe4 21.Nb4 e5 22.Bxe5 Bxc5 23.Nxc6 Bd6
24.Qa7 Ndf6 25.Ne7+ Bxe7 26.Qxe7 Qg6 27.Qc5 Qe4 28.Qb5 Qc2 29.Qb7 Qa2 30.Qb1 Qa6
31.Qb3 Ne4 32.Rc1 N8f6 33.Bxf6 Nxf6 34.Ne5 h6 35.Rc7 Qa5 36.Qc3 Qa2 37.Qc2 Qa1+
38.Qc1 Qa2 39.Rc8 Qa6 40.Rxf8+ Kxf8 41.Qc5+ Kg8 42.Qe7 Qe6 43.Qxe6 fxe6 44.h4 Kf8
45.g4 g5 46.h5 Ke7 47.f3 Ne8 48.Kf2 Nd6 49.Ke2 Nb5 50.Kd3 Na3 51.f4 Nb5 52.fxg5 hxg5
53.Nf3 Kf6 54.h6 Nd6 55.Ne5 Ne4 56.Kc2 Nf2 57.Kc3 Nd1+ 58.Kd3 Nf2+ 59.Ke2 Ne4
60.Nc6 Kg6 61.Nd8 Kxh6 62.Nxe6 Kg6 63.Nc5 Nd6 64.Kd3 Nf7 65.Ke2 Kf6 66.Kf3 Ke7
67.e4 Kd6 68.Nd3 Ke6 69.e5 Nd8 70.Ke3 Nf7 71.Nc5+ Ke7 72.Na6 Kd7 73.Nb4 Ke6
74.Kf3 Nd8 75.Nc2 Nc6 76.Ke3 Ne7 77.Ne1 Kf7 78.Nf3 Kg6 79.Kf2 Nc6 80.Ke3 Ne7
81.Kd3 Ng8 82.Kc3 Nh6 83.Nh2 Kf7 84.Kb4 Ke7 85.Kc5 Ke6 86.Kc6 Nf7 87.Nf3 Nd8+
88.Kb5 Nf7 89.Kc5 Nh6 90.Nxg5+ Ke7 91.Kxd5 Nxg4 92.Kc6 Ke8 93.Kd6 Ne3 94.d5 Nc4+
95.Ke6 Nb6 96.d6 Nd7 97.Ne4 Nb6 98.Nc5  1-0

[Event "Open"]
[Site "Geneva SUI"]
[Date "2005.01.22"]
[Round "1"]
[White "Kempinski,R"]
[Black "Vuilleumier,A"]
[Result "1-0"]
[WhiteElo "2624"]
[BlackElo "2280"]

1.d4 d5 2.c4 e6 3.Nf3 Nf6 4.Nc3 Be7 5.Bf4 O-O 6.e3 c5 7.dxc5 Bxc5 8.cxd5 Nxd5
9.Nxd5 exd5 10.a3 Nc6 11.Bd3 Bb6 12.O-O Bg4 13.h3 Bxf3 14.Qxf3 d4 15.exd4 Bxd4
16.Rad1 Qf6 17.b4 Rfe8 18.Be4 Rac8 19.Bg3 Qxf3 20.Bxf3 Bb2 21.b5 Na5 22.a4 Ba3
23.Rd7 Re7 24.Rfd1 Kf8 25.R7d3 Bb4 26.Rb1 Bc5 27.Rc1 Ke8 28.Rdc3 b6 29.Bd6 Re6
30.Bxc5 Rxc5 31.Rxc5 bxc5 32.Rxc5 Re1+ 33.Kh2 Kd7 34.Bg4+ Kd6 35.Rc8 Re2
36.h4 Re4 37.Kg3 g6 38.Rd8+ Kc5 39.Rd7 f5 40.Bd1 Kb6 41.Rd6+ Kc5 42.Ra6 Nc4
43.Rxa7 Ne5 44.f4 Nd3 45.Rc7+ Kb6 46.Rc6+ Ka7 47.Ra6+ Kb8 48.Bf3  1-0

[Event "ch-Kiev"]
[Site "Kiev UKR"]
[Date "2005.01.22"]
[Round "5"]
[White "Shishkin,Va UKR"]
[Black "Karnaukh,A"]
[Result "1-0"]
[WhiteElo "2488"]
[BlackElo "2248"]

1.d4 d5 2.c4 e6 3.Nf3 Be7 4.Nc3 Nf6 5.Bf4 O-O 6.e3 b6 7.cxd5 exd5 8.Bd3 Bb7
9.h3 c5 10.dxc5 bxc5 11.O-O Nbd7 12.Rc1 c4 13.Bb1 Nc5 14.Nd4 g6 15.Na4 Rc8
16.Bg5 Nfd7 17.Nxc5 Nxc5 18.Bxe7 Qxe7 19.Qd2 Ne6 20.Rfd1 Nxd4 21.Qxd4 Qc5
22.Bc2 Qxd4 23.Rxd4 Rc5 24.Bd1 Ra5 25.a4 Rc8 26.b3 cxb3 27.Rxc8+ Bxc8 28.Bxb3 Be6
29.Kf1 h5 30.Ke2 Kf8 31.Kd3 Ke7 32.Rb4 Kd6 33.h4 Ra6 34.Rb5 Rb6 35.Kd4 Rxb5
36.axb5 f6 37.g3 g5 38.f3 gxh4 39.gxh4 Bd7 40.Bxd5 Bxb5 41.Bf7 Be2 42.Ke4 a5
43.Bxh5 Ke7 44.Kd4 a4 45.Kc3 Bb5 46.Kb4 Bc6 47.f4  1-0

[Event "Open"]
[Site "Geneva SUI"]
[Date "2005.01.23"]
[Round "2"]
[White "Epishin,V"]
[Black "Gerber,R"]
[Result "1-0"]
[WhiteElo "2614"]
[BlackElo "2378"]

1.d4 e6 2.c4 d5 3.Nc3 Nf6 4.Nf3 Be7 5.Bf4 O-O 6.e3 b6 7.Bd3 c5 8.cxd5 Nxd5
9.Nxd5 exd5 10.Qc2 g6 11.dxc5 bxc5 12.O-O Nc6 13.Rfd1 Nb4 14.Qc3 Nxd3 15.Rxd3 g5
16.Bg3 Be6 17.Rad1 a5 18.h4 h6 19.hxg5 hxg5 20.Ne5 Rc8 21.Qe1 Kg7 22.f4 f6
23.Nf3 g4 24.f5 Bf7 25.Nh2 Qd7 26.e4 d4 27.Bf4 Rh8 28.Nxg4 Rcg8 29.e5 Qxf5
30.exf6+ Bxf6 31.Rf3 Re8 32.Bh6+ Rxh6 33.Rxf5 Rxe1+ 34.Rxe1 Rg6 35.Nxf6 Rxf6
36.Ref1 Rxf5 37.Rxf5 Kg6 38.Rxc5 a4 39.Kf2  1-0